Utilizing Experiments Designed Results during Error Identification and Improvement of Business Processes
Navrhnuté experimenty, ako metóda znižovania chybovosti vo výrobných procesoch. Chybovosť spôsobuje dodatočné náklady. Odrážajú sa do konečnej ceny produktu. Spokojnosť zákazníka a spoľahlivosť produktov je dôležitou súčasťou business procesov a inovovania.
Uložené v:
| Hlavný autor: | |
|---|---|
| Ďalší autori: | , |
| Médium: | Kapitola |
| Jazyk: | English |
| Tagy: |
Žiadne tagy, Buďte prvý, kto otaguje tento záznam!
|
MARC
| LEADER | 00000naa a2200000 4500 | ||
|---|---|---|---|
| 001 | 0190368 | ||
| 005 | 20240502083441.9 | ||
| 041 | 0 | |a eng | |
| 044 | |a HU | ||
| 245 | 1 | 0 | |a Utilizing Experiments Designed Results during Error Identification and Improvement of Business Processes |c Zuzana Hajduová, Marek Andrejkovič, Ladislav Mura |
| 520 | |a Navrhnuté experimenty, ako metóda znižovania chybovosti vo výrobných procesoch. Chybovosť spôsobuje dodatočné náklady. Odrážajú sa do konečnej ceny produktu. Spokojnosť zákazníka a spoľahlivosť produktov je dôležitou súčasťou business procesov a inovovania. | ||
| 100 | 1 | |a Hajduová, Zuzana, 1974- | |
| 700 | 1 | |a Andrejkovič, Marek | |
| 700 | 1 | |a Mura, Ladislav | |